Prince Said Ibrahim Int. Airport Destinations (Hahaya, Comoros) - Statistics

General Stats
  • This quiz has been taken 37 times
    17 since last reset
  • The average score is 5 of 7
Answer Stats
Airline Destination % Correct
Ethiopian Airlines Addis Ababa
100%
Turkish Airlines Istanbul
100%
Air Tanzania/Precision Air Dar es Salaam
90%
Kenya Airways Nairobi (Jomo Kenyatta)
90%
Air Austral Saint-Denis de la Réunion
40%
Ewa Air Dzaoudzi
30%
Precision Air Anjouan
20%
No matching quizzes found
Score Distribution
Percent of People with Each Score
Percentile by Number Answered
Your Score History
You have not taken this quiz since the last reset